000 005280000a22002050004500
001 1655
003 CO-MdFUSB
005 20170519182203.0
008 170519b xxu||||| |||| 00| 0 eng d
020 _a968-16-3650-3
040 _cCO-MdBIC
082 0 4 _a863C B816g
100 1 _aBrowne, Anthony
245 1 0 _aGorila / Anthony Browne ; traducción Carmen Esteva
260 _aMéxico : Fondo Cultura Económica
300 _a32 P.
500 _aTítulo original Gorilla
650 1 4 _aLiteratura infantil
942 _cLGB
999 _c48813
_d48813